| 000 | 00433nam a22001457a 4500 | ||
|---|---|---|---|
| 003 | OSt | ||
| 005 | 20251021100545.0 | ||
| 008 | 251021b |||||||| |||| 00| 0 eng d | ||
| 020 | _a9789966055002 | ||
| 040 | _cWANDEGE EDUCATIONAL PUBLISHERS | ||
| 050 | _aPZ 8.1 GV8 2011 | ||
| 245 |
_aKATHIANI SAVES THE LEGENDARY MUGUMO TREE _cGETANGUTHI, N ERASTUS |
||
| 260 |
_aEMBU, KENYA _bWANDEGE EDUCATIONAL PUBLISHERS _c2011 |
||
| 942 |
_2lcc _cBK _n0 |
||
| 999 |
_c9671 _d9671 |
||